000 00943cam a2200325 a 4500
001 122959
005 20230411085948.0
008 110418s2011 fr b 000 0 fre d
020 _a9782707167811 (br)
020 _a2707167819 (br)
035 _a(CaOOAMICUS)000040374629
040 _aCaQQLA
_bfre
055 0 0 _aH 61
_bR425
082 0 0 _a027
100 1 _aCœuré, Sophie.
130 1 _aCollection Reperes
245 1 4 _aLes archives /
_cSophie Cœuré, Vincent Duclert.
250 _aNouvelle édition entièrement refondue et mise à jour.
260 _aParis :
_bla Découverte,
_c2011.
300 _a126 p. ;
_c19 cm.
490 1 _aCollection Reperes;
_vn. 324.
_aHistoire
504 _aBibliogr.: p. [111]-122.
650 6 _aArchivistique
_zFrance.
650 0 _aArchives
_zFrance.
650 4 _aArchivos
_zFrancia.
700 1 _aDuclert, Vincent,
_d1961-
830 0 _aReperes
942 _2lcc
_cbk
946 _aJaaM
999 _c110072
_d110072